| 000 | 00600nam a2200229Ia 4500 | ||
|---|---|---|---|
| 005 | 20140311163132.0 | ||
| 008 | 140130s9999 xx 000 0 und d | ||
| 020 | _a9780439676861 | ||
| 050 |
_aPZ 7 _b.P2843Bof 2006 |
||
| 100 |
_aPaulsen, Gary. _95626 |
||
| 245 |
_cGary Paulsen. _aBrian's hurt / |
||
| 260 |
_bScholastic Inc., _ac2006. _cUSA : |
||
| 300 |
_a103 p. : _c23 cm. |
||
| 440 |
_v1 _931174 |
||
| 521 | _aG12 | ||
| 526 | _c1180 | ||
| 650 |
_aDogs _xFiction _931217 |
||
| 650 |
_aHunting _xFiction. _931218 |
||
| 650 |
_aBears _xFiction. _931219 |
||
| 942 |
_cBK _2lcc |
||
| 999 |
_c41436 _d41436 |
||